Religion Quiz

Random Religion or Bible Quiz

Bible Anagrams Quiz Stats

Quiz Updated May 25, 2016

Challenge
Share
Tweet
Embed
Score 0/30 Timer 08:00
25 Plays Today
Anagram Word % Correct
NailedDaniel
88.9%
MasonsSamson
86.5%
Wet MathMatthew
86.4%
Hog TailGoliath
85.6%
CatsActs
84.8%
Lice FurLucifer
84%
No LoomsSolomon
83.7%
Evil Is CutLeviticus
81%
WanderAndrew
80.3%
Fin MasherFisherman
80.1%
As MuleSamuel
79.2%
As MartianSamaritan
78.7%
HordeHerod
78.2%
Ill HeadDelilah
77.6%
Ah OprahPharaoh
75.3%
Anagram Word % Correct
No RecruitersResurrection
75.3%
SerialIsrael
74.9%
Bony LabBabylon
72%
No AimNaomi
70.5%
A ShoeHosea
69.2%
ThreesEsther
68.6%
He Gets NameGethsemane
67%
CableCaleb
61.6%
Last AgainGalatians
61.5%
RansomRomans
60.8%
Thy BeanBethany
56.9%
Retain LoveRevelation
53.8%
Lewder SinsWilderness
53.1%
Buries ItTiberius
50.9%
A Mob HeroRehoboam
26.4%

You're not logged in!

Compare scores with friends on all Sporcle quizzes.
Join for Free
OR
Log In

You Might Also Like...

Show Comments

Extras

Top Quizzes Today


Score Distribution

Your Account Isn't Verified!

In order to create a playlist on Sporcle, you need to verify the email address you used during registration. Go to your Sporcle Settings to finish the process.

Report this User

Report this user for behavior that violates our Community Guidelines.

Details: